Every Character Mentioned In Narnia-Prince Caspian - Statistics

General Stats
  • This quiz has been taken 11 times
  • The average score is 17 of 54
Answer Stats
Times Mentioned Answer % Correct
137 Aslan
100%
2 Caspian I
100%
2 Caspian IX
100%
1 Caspian VIII
100%
221 Caspian X
100%
151 Edmund Pevensie
100%
164 Lucy Pevensie
100%
195 Peter Pevensie
100%
110 Susan Pevensie
100%
55 Miraz
89%
54 Nikabrik
89%
20 Reepicheep
78%
46 Trufflehunter
78%
102 Trumpkin
78%
4 Jadis the White Witch
67%
50 Cornelius
44%
7 Adam
33%
2 Eve
33%
8 Glenstorm
33%
20 Glozelle
33%
11 Sopespian
33%
9 Bacchus
22%
10 Pattertwig
22%
1 Mr. Tumnus
11%
1 Peepiceek
11%
2 Prunaprisma
11%
4 Silenus
11%
9 Wimbleweather
11%
4 Alambil
0%
1 Arilan
0%
1 Bassareus
0%
1 Belisar
0%
1 Bromios
0%
4 Camillo
0%
1 Clodsley
0%
8 Destrier
0%
1 Dumnus
0%
1 Erimon
0%
1 Girbius
0%
6 Gwendolen
0%
1 Hogglestock
0%
1 Ivy
0%
1 Mentius
0%
5 Miss Prizzle
0%
1 Nausus
0%
1 Nimienus
0%
1 Obentinus
0%
1 Oscuns
0%
1 Pomona
0%
1 Ram
0%
4 Tarva
0%
1 Uvlias
0%
1 Voltinus
0%
1 Voluns
0%
No matching quizzes found
Score Distribution
Percent of People with Each Score
Percentile by Number Answered
Your Score History
You have not taken this quiz